LEADER 01061nam0-22002891i-450- 001 990006353060403321 005 19980601 035 $a000635306 035 $aFED01000635306 035 $a(Aleph)000635306FED01 035 $a000635306 100 $a19980601d1931----km-y0itay50------ba 105 $a--------00-yy 200 1 $aCompetenza giudiziaria e giurisdizione amministrativa nelle pretese che sorgono quando un diritto del privato sia eliso da un atto del potere pubblico$fFrancesco Di Gennaro. 210 $aRoma$cTip. Cons. Nazionale$d1931 215 $a28 p.$d24 cm 463 $d$1200$aNuova Rivista Pubblica Appalti, 1931 676 $a342.06 700 1$aDi Gennaro,$bFrancesco$0154951 801 0$aIT$bUNINA$gRICA$2UNIMARC 901 $aBK 912 $a990006353060403321 952 $aBUSTA 12 (23) 18$b33835$fFGBC 959 $aFGBC 996 $aCompetenza giudiziaria e giurisdizione amministrativa nelle pretese che sorgono quando un diritto del privato sia eliso da un atto del potere pubblico$9658354 997 $aUNINA DB $aGIU01 LEADER 01192nam a22002651i 4500 001 991001277599707536 005 20030124123432.0 008 021206s1968 it a||||||||||||||||ita 035 $ab12124825-39ule_inst 035 $aARCHE-021462$9ExL 040 $aDip.to Filologia Ling. e Lett.$bita$cA.t.i. Arché s.c.r.l. Pandora Sicilia s.r.l. 100 1 $aFabiani, Luigi$0212051 245 13$aLa terra di S. Benedetto :$bstudio storico-giuridico sull'Abbazia di Montecassino dall'8. al 13. secolo /$cLuigi Fabiani 246 13$aterra di San Benedetto 260 $aMontecassino :$bBadia di Montecassino,$c1968 300 $a2 v. :$bill. ;$c26 cm 500 $aPresentazione di T. Leccisotti 700 1 $aLeccisotti, Tommaso 907 $a.b12124825$b02-04-14$c01-04-03 912 $a991001277599707536 945 $aLE008 FL.M. (f.r.) VIII B 24/1$cV. 1$g1$i2008000412234$lle008$o-$pE0.00$q-$rl$s- $t0$u0$v0$w0$x0$y.i12438686$z01-04-03 945 $aLE008 FL.M. (f.r.) VIII B 24/2$cV. 2$g1$i2008000412241$lle008$o-$pE0.00$q-$rl$s- $t0$u0$v0$w0$x0$y.i12438698$z01-04-03 996 $aTerra di S. Benedetto$9150804 997 $aUNISALENTO 998 $ale008$b01-04-03$cm$da $e-$fita$git $h3$i2